000 00677nam a2200205Ia 4500
005 20260121110348.0
008 008 260114s9999 xx 000 0 hin d
020 _a9788132304166
037 _aEBOOK
040 _aCRL
_bhin
_cCRL
041 _ahin
_2hin
084 _qCRL
100 _aरश्मि उपाध्याय / Krishna Kumar Pandey
_9945245
245 0 _aस्वच्छता एवं स्वास्थ्य / Swachhta aur swasthya
260 _bभाषा प्रकाशन / Bhasha Prakashan
_c2020
856 _uhttps://bhashaprakashan.com/product-details/378048
942 _cEBOOK
999 _c1536909
_d1536909